000 00665nam a22002177a 4500
005 20170124110036.0
010 _aA-506007
020 _c00.00
_a058296411.3
035 _aA-506007
037 _bCen Lib/Ret
040 _aDPL
_bEN
082 _a483
_bLON
100 _aWells, J. C.
_922765
245 _aLongman pronunciation dictionary /
_cby J. C. Wells
260 _aEngland
_bLongman
_c1990
270 _aLongman House, Burnt Mill
_bHarlow
300 _axxviii,802p.
_c22cm(Hb)
650 _aEnglish language -- Textbooks for foreign speakers
_922766
650 _aEnglish language -- Pronunciation
_922767
942 _2ddc
_cEN
_h483
_mLON
999 _c128233
_d128233